Datum a čas kvízu
44
Celkem bodů
Celkový počet nahraných bodů na tomto kvízu bez doplňovacích otázek.
1.
Pořadí na kvízu
Konečné umístění týmu na tomto kvízu.
Zaznamenané odpovědi
| # | Otázka | Odpověď | Body | Výsledky |
|---|---|---|---|---|
| 1. | V úterý poprvé vystoupil prez... | Rudé právo | 1 | |
| 2. | Státy EU a zástupci Evropského... | D | 1 | |
| 3. | Která slovenská kapela minulý... | Elán | 1 | |
| 4. | Která společnost minulý týden... | Levné knihy | 1 | |
| 5. | Anežce Indráčkové se povedlo p... | ve skocích na lyžích | 1 | |
| 6. | Vítězné téma facebookového hla... | 1A 2D 3B 4C | 1 | |
| 7. | Která ženská postava běží na k... | Bridget Jones | 1 | |
| 8. | „Celou dobu mi do nosu tekla v... | Spider-Man | 1 | |
| 9. | Tento filmový polibek byl insp... | v Helsinkách | 1 | |
| 10. | Jak se jmenují zvířecí animova... | Lady a Tramp | 1 |